00812nam a2200217 a 450000100100000000500170001000800410002704000250006808200180009310000190011124500700013025000110020026000830021130000320029449000690032650000380039565000230043370000250045671000440048183000690052500002503820250429110432.0100407s1988 dr c 000 0 spa d aDO-SdBNPbspacBNPHU a909.09bM276h1 aManfred, A. Z.10aHistoria universal /cA. Z. Manfred ; tradución Arnaldo Azzati. a2a ed. aSanto Domingo :bUniversitariabEditorial Progreso,c1988fTalleres Gráficos av. :bil., retrs. ;c21 cm.1 aPublicaciones de la Universidad Autónoma de Santo Domingov525 aIncluye notas al pie de páginas 0aHistoria universal1 aAzzati, Arnardoetr.1 aUniversidad Autónoma de Santo Domingo 0aPublicaciones de la Universidad Autónoma de Santo Domingon528